Avviamento allo studio della lingua a della letteratura italiana. 2

Main Author: Bukáček, Josef, 1897-1970
Language: Czech
Published: Praha, 1958
Book
Saved in:
LEADER 00751nam a22001932a 4500
001 000237712
003 CZ BrMZK
005 19961101143423.0
007 ta
008 950101s1958 xr f cze d
040 |a BOA001  |b cze 
100 1 |a Bukáček, Josef,  |d 1897-1970  |7 jk01020211 
245 1 0 |a Avviamento allo studio della lingua a della letteratura italiana.  |n 2 
260 |a Praha,  |c 1958 
910 |a BOA001  |b 4-0388.141,2 
990 |a BK 
996 7 |b 2619838817  |c 4-0388.141,2  |l MZK  |r Sklad / do 24 hodin  |n 1  |w 000237712  |u 000010  |a 1  |e BOA001  |j MZK50  |s A 
996 7 |b 2619838822  |c 4-0388.141,2  |l MZK  |r Sklad / do 24 hodin  |n 0  |w 000237712  |u 000020  |a 1  |e BOA001  |j MZK50  |s A 
996 7 |b 2619838823  |c 4-0388.141,2  |l MZK  |r Sklad / do 24 hodin  |n 0  |w 000237712  |u 000040  |a 1  |e BOA001  |j MZK50  |s A